Статистическая идентификация технологических объектов методом численного решения уравнения Винера-Хопфа; Современные техника и технологии; Т. 2

Bibliografiske detaljer
Parent link:Современные техника и технологии: сборник трудов XIX международной научно-практической конференции студентов, аспирантов и молодых ученых, Томск, 15-19 апреля 2013 г./ Национальный исследовательский Томский политехнический университет (ТПУ).— , 2013
Т. 2.— 2013.— [С. 268-269]
Hovedforfatter: Куценко К. В.
Institution som forfatter: Национальный исследовательский Томский политехнический университет
Andre forfattere: Дядик В. Ф. Валерий Феодосиевич (научный руководитель)
Summary:Заглавие с титульного экрана
Sprog:russisk
Udgivet: 2013
Serier:Информатика и управление в технических системах
Fag:
Online adgang:http://www.lib.tpu.ru/fulltext/c/2013/C01/V2/132.pdf
Format: MixedMaterials Electronisk Book Chapter
KOHA link:https://koha.lib.tpu.ru/cgi-bin/koha/opac-detail.pl?biblionumber=243500

MARC

LEADER 00000naa2a2200000 4500
001 243500
005 20260224133806.0
035 |a (RuTPU)RU\TPU\book\264844 
035 |a RU\TPU\book\264842 
090 |a 243500 
100 |a 20130930d2013 k y0rusy50 ca 
101 0 |a rus 
102 |a RU 
135 |a drnn ---uucaa 
181 0 |a i  
182 0 |a b 
200 1 |a Статистическая идентификация технологических объектов методом численного решения уравнения Винера-Хопфа  |f К. В. Куценко  |g науч. рук. В. Ф. Дядик 
203 |a Текст  |c электронный 
225 1 |a Информатика и управление в технических системах 
300 |a Заглавие с титульного экрана 
320 |a [Библиогр.: с. 269 (3 назв.)] 
337 |a Adobe Reader 
461 1 |0 (RuTPU)RU\TPU\book\263794  |t Современные техника и технологии  |o сборник трудов XIX международной научно-практической конференции студентов, аспирантов и молодых ученых, Томск, 15-19 апреля 2013 г.  |o в 3 т.  |f Национальный исследовательский Томский политехнический университет (ТПУ)   |d 2013 
463 1 |0 (RuTPU)RU\TPU\book\263797  |t Т. 2  |v [С. 268-269]  |d 2013 
610 1 |a труды учёных ТПУ 
610 1 |a электронный ресурс 
610 1 |a статистическая идентификация 
610 1 |a технологические объекты 
610 1 |a численные методы 
610 1 |a уравнения Винера-Хопфа 
700 1 |a Куценко  |b К. В. 
702 1 |a Дядик  |b В. Ф.  |c специалист в области автоматического управления  |c доцент Томского политехнического университета, кандидат технических наук  |f 1939-  |g Валерий Феодосиевич  |3 (RuTPU)RU\TPU\pers\25485  |4 727 
712 0 2 |a Национальный исследовательский Томский политехнический университет  |c (2009- )  |9 26305 
801 2 |a RU  |b 63413507  |c 20130930  |g RCR 
856 4 |u http://www.lib.tpu.ru/fulltext/c/2013/C01/V2/132.pdf 
942 |c CF